| 000 | 00433cam a2200169ua 4500 | ||
|---|---|---|---|
| 001 | 2896 | ||
| 008 | 131128n II |||gr||||Z||||||eng | ||
| 040 | _aMAIN | ||
| 041 | _aEnglish | ||
| 082 | _a954.162 BOR | ||
| 100 | _aBORPUZARI, H.K. | ||
| 245 | _aTHE COMPREHENSIVE HISTORY OF ASSAM (VOL-III) | ||
| 260 |
_aGUWAHATI: _bPUBLICATION BOARD OF ASSAM., _c2004. |
||
| 300 |
_a483: _c23CM. |
||
| 653 | _aHistory & geography | ||
| 942 | _cBK | ||
| 999 |
_c2890 _d2890 |
||